| 000 | 00989nac a22002411u 4500 | ||
|---|---|---|---|
| 010 | _a2002275148 | ||
| 020 | _a0072132337 | ||
| 035 | _a(OCoLC)ocm47637127 | ||
| 082 | 0 | 0 |
_a621.382/1 _bC5921 |
| 090 |
_c635 _d635 |
||
| 100 | _aClark, Chris. | ||
| 245 | 1 | 0 |
_aNetwork cabling handbook / _cby Chris Clark. |
| 260 |
_aNew York ; _aLondon : _bMcGraw-Hill/Osborne, _cc2002. |
||
| 300 |
_axxix, 769 p. : _bill. ; _c24 cm. |
||
| 504 | _aIncludes bibliographical references and index. | ||
| 650 | 0 | _aTelecommunication cables. | |
| 650 | 0 | _aTelecommunication wiring. | |
| 650 | 0 | _aComputer networks. | |
| 856 | 4 | 2 |
_3Publisher description _uhttp://www.loc.gov/catdir/description/mh024/2002275148.html |
| 856 | 4 | 2 |
_3Table of contents _uhttp://www.loc.gov/catdir/toc/mh023/2002275148.html |
| 942 |
_cBB _k621.382/1C5921 |
||
| 999 |
_c635 _d635 |
||